Современные проблемы утилизации попутного газа в Томской области; Проблемы геологии и освоения недр; Т. 2

التفاصيل البيبلوغرافية
Parent link:Проблемы геологии и освоения недр: труды XVI Международного симпозиума имени академика М. А. Усова студентов и молодых ученых, Томск, 2-7 апреля 2012 г./ Национальный исследовательский Томский политехнический университет (ТПУ), Институт природных ресурсов (ИПР) ; Общество инженеров-нефтяников, Студенческий чаптер ; под ред. О. Г. Савичева.— , 2012
Т. 2.— 2012.— [С. 482-485]
المؤلف الرئيسي: Филатова А. В. Анастасия Валерьевна
مؤلفون آخرون: Харламов С. Н. Сергей Николаевич (научный руководитель)
الملخص:Заглавие с титульного листа
اللغة:الروسية
منشور في: 2012
سلاسل:Моделирование процессов при транспортировке нефти и газа
الموضوعات:
الوصول للمادة أونلاين:http://www.lib.tpu.ru/fulltext/c/2012/C11/V2/226.pdf
التنسيق: الكتروني فصل الكتاب
KOHA link:https://koha.lib.tpu.ru/cgi-bin/koha/opac-detail.pl?biblionumber=235552

MARC

LEADER 00000naa2a2200000 4500
001 235552
005 20260105104511.0
035 |a (RuTPU)RU\TPU\book\256689 
035 |a RU\TPU\book\256455 
090 |a 235552 
100 |a 20130411d2012 k||y0rusy50 ca 
101 0 |a rus 
102 |a RU 
135 |a drcn ---uucaa 
181 0 |a i  
182 0 |a b 
200 1 |a Современные проблемы утилизации попутного газа в Томской области  |f А. В. Филатова  |g науч. рук. С. Н. Харламов 
203 |a Текст  |c электронный 
215 |a 1 файл (633 Кб) 
225 1 |a Моделирование процессов при транспортировке нефти и газа 
300 |a Заглавие с титульного листа 
320 |a [Библиогр.: с. 485 (6 назв.)] 
337 |a Adobe Reader 
461 1 |0 (RuTPU)RU\TPU\book\252494  |t Проблемы геологии и освоения недр  |o труды XVI Международного симпозиума имени академика М. А. Усова студентов и молодых ученых, Томск, 2-7 апреля 2012 г.  |o в 2 т.  |f Национальный исследовательский Томский политехнический университет (ТПУ), Институт природных ресурсов (ИПР) ; Общество инженеров-нефтяников, Студенческий чаптер ; под ред. О. Г. Савичева  |d 2012 
463 1 |0 (RuTPU)RU\TPU\book\252518  |t Т. 2  |v [С. 482-485]  |d 2012 
610 1 |a труды учёных ТПУ 
610 1 |a электронный ресурс 
610 1 |a попутные нефтяные газы 
610 1 |a утилизация 
610 1 |a современные проблемы 
610 1 |a Томская область 
700 1 |a Филатова  |b А. В.  |g Анастасия Валерьевна 
702 1 |a Харламов  |b С. Н.  |c специалист в области транспорта и хранения нефти  |c профессор Томского политехнического университета  |f 1957-  |g Сергей Николаевич  |4 727 
801 1 |a RU  |b 63413507  |c 20130205 
801 2 |a RU  |b 63413507  |c 20130411  |g RCR 
856 4 |u http://www.lib.tpu.ru/fulltext/c/2012/C11/V2/226.pdf 
942 |c CF